000 00836nam a2200229 4500
001 122115
003 ES-MaACL
005 20250902041718.0
007 t|
008 070214s1983 sp r ||||1| spa d
100 1 _aPrieto, Fernando.
_993882
245 1 3 _aEl pensamiento político de Hegel /
_cFernando Prieto.
260 _aMadrid :
_bUPCM,
_c1983.
300 _a336 p. ;
_c21 cm.
490 1 _aPublicaciones de la Universidad Pontificia de Comillas, Madrid. Serie I. Estudios ;
_v25
504 _aBibliografía: p. [331]-336.
600 1 4 _aHegel, Georg Wilhelm Friedrich,
_d1770-1831-
_xPensamiento político
_9172002
710 2 _aUniversidad Pontificia Comillas
_9173007
830 1 0 _aPublicaciones de la Universidad Pontificia Comillas
_v25
_9176621
852 _aES-MaACL
_jL-8579
999 _c122115
_d122115